000 00241nam a2200085Ia 4500
008 170620s9999 xx 000 0 und d
100 _aSharma- R. A. (Hindi)
245 0 _aSamajik vigyan shikshan (Hindi)
260 _bMeerut- International Publishing House
260 _c2004
999 _c24002
_d24002